Statistiken für Fußball-Regionalliga West Top 5

Klicken Sie hier um das Quiz zu spielen!

Allgemein

  • Dieses Quiz wurde 185 mal gespielt
    (23 seit der letzten Aktualisierung)
  • Das Durchschnittsergebnis liegt bei 12 aus 17

Antwortstatistiken

Vereine% Korrekt
Borussia Dortmund II
100%
Alemannia Aachen
96%
Preußen Münster
91%
Rot-Weiss Essen
91%
Rot-Weiß Oberhausen
87%
Wuppertaler SV
87%
1. FC Bocholt
78%
FC Schalke 04 II
78%
FC Viktoria Köln
78%
SC Fortuna Köln
78%
1. FC Köln II
70%
KFC Uerdingen 05
61%
Borussia Mönchengladbach II
57%
Sportfreunde Lotte
48%
SV Rödinghausen
39%
Sportfreunde Siegen
35%
1. FC Kaan-Marienborn
9%

Verteilung der Resultate

Perzentil nach korrekt beantworteten Fragen

Anzahl Personen mit jedem Resultat

Ihre Resultats-Entwicklung

Sie haben dieses Quiz seit der letzten Aktualisierung nicht gespielt